| 000 | 00462nam a22001817a 4500 | ||
|---|---|---|---|
| 003 | CEME | ||
| 005 | 20210628203347.0 | ||
| 008 | 210305b xxu||||| |||| 00| 0 eng d | ||
| 020 | _a0-333-27677-9 | ||
| 040 | _c. | ||
| 082 | _a808.84 HIL | ||
| 100 |
_aHILL, JOHN SPENCER _964976 |
||
| 245 | _aKeats, the narrative poems | ||
| 260 |
_aNEW YORK _bMACMILLAN _c1983 |
||
| 300 | _a259P | ||
| 650 |
_aENGLISH LITERATURE-CRITICAL ESSAYS. _923615 |
||
| 942 |
_cBK _2ddc |
||
| 999 |
_c573315 _d573315 |
||